000 00709nam a2200265Ia 4500
003 OSt
005 20221005065950.0
006 a|||||r|||| 00| 0
007 ta
008 221004b |||||||| |||| 00| 0 eng d
020 _a)56347310X
024 _a20125
037 _cTextual
040 _aCRL
_cCRL
_beng
041 _2eng
_aeng
082 _aKZ.2'N, N7
100 _aThapar Valmik
245 0 _aLand of the tiger
_b A natural history of the Indian subcontinent
260 _aMumbai
_bIndia Book House India
_c1997
300 _a288p.
_ccm.
650 _a ZOOLOGY
650 _aLIVESTOCK INDUSTRY
942 _hKZ.2'N, N7
_cTEXL
_2cc
999 _c975457
_d975457